[Event "8th Sunway Sitges 2021"]
[Site "Sitges ESP"]
[Date "2021.12.22"]
[Round "9.15"]
[White "Kelires, Andreas"]
[Black "Cuhendi, Sean Winshand"]
[Result "1-0"]
[WhiteTitle "GM"]
[BlackTitle "IM"]
[WhiteElo "2543"]
[BlackElo "2419"]
[WhiteFideId "5900727"]
[BlackFideId "7101554"]
[EventDate "2021.12.13"]

1. d4 d5 2. c4 Nc6 3. Nf3 Bg4 4. cxd5 Bxf3 5. gxf3 Qxd5 6. e3 e5 7. Nc3 Bb4 8.
Bd2 Bxc3 9. bxc3 Qd6 10. Rb1 O-O-O 11. Qb3 b6 12. Qxf7 Nh6 13. Qc4 Rhf8 14. Be2
Kb8 15. h4 Qg6 16. Rb2 Nf5 17. h5 Qg2 18. Rf1 exd4 19. cxd4 Ncxd4 20. exd4 Nxd4
21. Be3 Nxf3+ 22. Bxf3 Qxf3 23. Qe2 Qg2 24. Rd2 Rde8 25. Rd3 Rf5 26. Kd2 Qe4 27.
Rc1 Qb4+ 28. Kd1 Rg5 29. Qc2 Rc5 30. Qb3 Qg4+ 31. Kd2 Rxc1 32. Kxc1 Qxh5 33. Qc4
Qe5 34. Rd5 Qa1+ 35. Kc2 Kc8 36. Qa6+ Kb8 37. Qc4 Kc8 38. Qc6 Qxa2+ 39. Kc1 Qa3+
40. Kd1 Qa1+ 41. Ke2 Qa6+ 42. Ke1 Qa1+ 43. Rd1 1-0

[Event "8th Sunway Sitges 2021"]
[Site "Sitges ESP"]
[Date "2021.12.22"]
[Round "9.16"]
[White "Maze, Sebastien"]
[Black "Papadiamandis, Elliot"]
[Result "1/2-1/2"]
[WhiteTitle "GM"]
[BlackTitle "FM"]
[WhiteElo "2541"]
[BlackElo "2396"]
[WhiteFideId "613762"]
[BlackFideId "36074160"]
[EventDate "2021.12.13"]

1. d4 Nf6 2. Bf4 g6 3. Nc3 d5 4. e3 Bg7 5. h4 h5 6. Qd2 O-O 7. Nf3 c5 8. dxc5
Nbd7 9. Be2 Nxc5 10. O-O Nfe4 11. Qe1 Nxc3 12. bxc3 Qa5 13. Be5 Bxe5 14. Nxe5
Bf5 15. c4 Qc7 16. f4 dxc4 17. Bxc4 Ne4 18. Rd1 Kg7 19. Bd5 Nc3 20. Rd4 Nxd5 21.
Rxd5 Rad8 22. Rxd8 Rxd8 23. e4 Bc8 24. Qg3 Qxc2 25. f5 Qxe4 26. Nxg6 Rd3 27. Qc7
Bxf5 28. Nf4 Rd6 29. Nxh5+ Kh7 30. Qc3 f6 31. Qg3 Bg6 32. Nf4 Bf7 1/2-1/2

[Event "8th Sunway Sitges 2021"]
[Site "Sitges ESP"]
[Date "2021.12.22"]
[Round "9.17"]
[White "Tarigan, Gilbert Elroy"]
[Black "Karthik, Venkataraman"]
[Result "1-0"]
[WhiteTitle "IM"]
[BlackTitle "GM"]
[WhiteElo "2149"]
[BlackElo "2506"]
[WhiteFideId "7108133"]
[BlackFideId "25006479"]
[EventDate "2021.12.13"]

1. d4 Nf6 2. Nf3 g6 3. g3 Bg7 4. Bg2 O-O 5. O-O d6 6. c4 Nbd7 7. Nc3 e5 8. e4
Re8 9. Qc2 exd4 10. Nxd4 a6 11. Rd1 Rb8 12. h3 c5 13. Nf3 Qc7 14. Bf4 Bf8 15.
Qd3 Ne5 16. Nxe5 dxe5 17. Bg5 Qc6 18. Qf3 Nd7 19. a4 h6 20. Be3 Bg7 21. Rd5 b6
22. Rad1 Nf8 23. a5 Be6 24. Rd6 Qc7 25. Nd5 Bxd5 26. R6xd5 bxa5 27. Rxc5 Qb6 28.
Rd2 a4 29. h4 Qe6 30. Rc7 Red8 31. Rxd8 Rxd8 32. Bh3 Qe8 33. h5 g5 34. Ra7 Ne6
35. Rxa6 Nd4 36. Qd1 Rb8 37. Qxa4 Qxa4 38. Rxa4 Rxb2 39. Ra8+ Bf8 40. Kg2 Rc2
41. Re8 Rxc4 42. Rxe5 Kg7 43. Re8 Nc2 44. Bb6 Ne1+ 45. Kf1 Nf3 46. Kg2 Ne1+ 47.
Kh1 Nd3 48. Bf1 Rb4 49. Be3 Rb1 50. Kg2 Ne1+ 51. Kh3 Nf3 52. Bg2 Ng1+ 53. Kg4
Rd1 54. Rc8 Be7 55. Rc2 Bf6 56. Rc7 Be5 57. Rc5 Bb2 58. Rc4 Re1 59. Rc2 Ba1 60.
Ra2 Bc3 61. Rc2 Ba1 62. Bf3 Nxf3 63. Kxf3 Rd1 64. Rc1 Rxc1 65. Bxc1 Bd4 66. Be3
Bc3 67. Kg4 Kf6 68. Bc5 Kg7 69. Kf5 Be1 70. Bd4+ Kg8 71. Kg4 Bb4 72. f4 Be7 73.
Kf5 gxf4 74. gxf4 Bh4 75. Bf6 Bg3 76. Be7 Bh2 77. Bc5 Bg3 78. Bd6 Bh2 79. e5 Bg3
80. Bc5 Kg7 81. Bd4 Kg8 82. Kg4 Be1 83. f5 Bd2 84. Bc5 Kg7 85. f6+ Kg8 86. Kf5
Bc3 87. e6 fxe6+ 88. Kxe6 Kh7 89. f7 Bg7 90. f8=Q 1-0

[Event "8th Sunway Sitges 2021"]
[Site "Sitges ESP"]
[Date "2021.12.22"]
[Round "9.18"]
[White "Muradli, Mahammad"]
[Black "Dionisi, Thomas"]
[Result "1/2-1/2"]
[WhiteTitle "IM"]
[BlackTitle "IM"]
[WhiteElo "2503"]
[BlackElo "2396"]
[WhiteFideId "13409301"]
[BlackFideId "651893"]
[EventDate "2021.12.13"]

1. Nf3 Nf6 2. c4 b6 3. g3 Bb7 4. Bg2 e6 5. O-O Be7 6. Nc3 O-O 7. Re1 d5 8. cxd5
exd5 9. d4 Nbd7 10. Bf4 c5 11. Rc1 Ne4 12. Nd2 Ndf6 13. Ndxe4 Nxe4 14. Nxe4 dxe4
15. Qc2 Qd5 16. dxc5 Bxc5 17. Red1 Qxa2 18. Rd7 Bc6 19. Rc7 Bd5 20. Qc3 a5 21.
Be5 Rfc8 22. Rxc8+ Rxc8 23. e3 f6 24. Bd4 Rc6 25. Qd2 Bb4 26. Bc3 Bxc3 27. Rxc3
Rxc3 28. Qxc3 Qc4 29. Qd2 h6 30. h4 Kh7 31. Qd1 b5 32. Qg4 a4 33. Qf5+ Kh8 34.
Qd7 Qc6 35. Qd8+ Kh7 36. Qe7 Qe6 37. Qc5 Qc6 38. Qe7 Qe6 39. Qc5 Bc4 40. Qd4 Bd3
41. Qc5 Bc4 42. Qd4 Bd5 1/2-1/2

[Event "8th Sunway Sitges 2021"]
[Site "Sitges ESP"]
[Date "2021.12.22"]
[Round "9.19"]
[White "Vasquez Schroeder, Rodrigo"]
[Black "Chitlange, Sakshi"]
[Result "1-0"]
[WhiteTitle "GM"]
[BlackTitle "WIM"]
[WhiteElo "2484"]
[BlackElo "2132"]
[WhiteFideId "3400042"]
[BlackFideId "35002899"]
[EventDate "2021.12.13"]

1. d4 Nf6 2. c4 e6 3. Nf3 d5 4. e3 b6 5. cxd5 exd5 6. Nc3 Bb7 7. Bb5+ c6 8. Bd3
Nbd7 9. Ne5 Nxe5 10. dxe5 Nd7 11. f4 Nc5 12. Be2 Be7 13. O-O f6 14. b4 Na6 15.
b5 Nc5 16. bxc6 Bxc6 17. Bh5+ g6 18. Bf3 Ne4 19. Bxe4 dxe4 20. Qb3 Qd7 21. Rd1
Qf5 22. Bb2 fxe5 23. Nd5 Bxd5 24. Rxd5 Qe6 25. Qa4+ Kf7 26. Rxe5 Qd6 27. Qb3+ 1-0

[Event "8th Sunway Sitges 2021"]
[Site "Sitges ESP"]
[Date "2021.12.22"]
[Round "9.20"]
[White "Dukic, Zachary"]
[Black "Dann, Matthias"]
[Result "0-1"]
[BlackTitle "IM"]
[WhiteElo "2140"]
[BlackElo "2482"]
[WhiteFideId "2617188"]
[BlackFideId "24638056"]
[EventDate "2021.12.13"]

1. d4 Nf6 2. c4 e6 3. Nc3 Bb4 4. f3 d5 5. a3 Bxc3+ 6. bxc3 c5 7. cxd5 exd5 8. e3
O-O 9. Bd3 b6 10. Ne2 Ba6 11. O-O Re8 12. g4 Bxd3 13. Qxd3 Nc6 14. Ng3 Rc8 15.
Ra2 Ne7 16. Rg2 cxd4 17. cxd4 Qc7 18. g5 Nd7 19. f4 Qc4 20. Qd1 f5 21. gxf6 Nxf6
22. f5 Kh8 23. Ne2 Ne4 24. Nf4 Nxf5 25. Qh5 Qxf1+ 26. Kxf1 Rxc1+ 27. Ke2 Nxd4+
28. Kd3 Nf6 29. Qf7 Rd1+ 30. Kc3 Nf5 31. Rd2 Rxe3+ 32. Kc2 Rxd2+ 33. Kxd2 Re8
34. Nh5 Ne4+ 35. Kd3 Ned6 36. Qxd5 h6 37. Nf4 Kh7 38. Ne6 b5 39. h4 a5 40. h5 b4
41. axb4 axb4 42. Kd2 Rc8 43. Qg2 Rc2+ 0-1

[Event "8th Sunway Sitges 2021"]
[Site "Sitges ESP"]
[Date "2021.12.22"]
[Round "9.50"]
[White "Minko, Dmitry"]
[Black "Heinemann, Josefine"]
[Result "0-1"]
[WhiteTitle "CM"]
[BlackTitle "WGM"]
[WhiteElo "2207"]
[BlackElo "2369"]
[WhiteFideId "24188468"]
[BlackFideId "12900460"]
[EventDate "2021.12.13"]

1. e4 c5 2. Nf3 d6 3. d4 cxd4 4. Nxd4 Nf6 5. Nc3 a6 6. Be3 e5 7. Nb3 Be6 8. f3
h5 9. Qd2 Nbd7 10. Nd5 Bxd5 11. exd5 g6 12. Na5 Qc7 13. c4 Bg7 14. Be2 e4 15.
Bd4 exf3 16. Bxf3 Ne4 17. Bxe4 Bxd4 18. Qxd4 Qxa5+ 19. Kf2 Qc5 20. Qxc5 Nxc5 21.
Rhe1 O-O 22. b4 Nd7 23. Rac1 b6 24. Ke3 a5 25. a3 axb4 26. axb4 Ra4 27. Rb1 Re8
28. Kd4 Ra3 29. Ra1 Rea8 30. Rxa3 Rxa3 31. Re3 Ra2 32. Bf3 Kf8 33. Re2 Ra1 34.
h3 Rd1+ 35. Kc3 Rc1+ 36. Rc2 Ra1 37. Kb2 Ra8 38. Kb3 Ne5 39. Be2 Ke7 40. Ra2
Rxa2 41. Kxa2 h4 42. Kb3 f5 43. Ka4 Kd7 44. Kb5 Kc7 45. Bd1 Nd3 46. Be2 Ne1 47.
Bf1 Nc2 48. c5 bxc5 49. bxc5 Ne3 50. Be2 Nxg2 51. Kc4 g5 52. cxd6+ Kxd6 53. Kd4
Nf4 54. Bf1 Nxd5 55. Bg2 Nf4 56. Bf1 Ne6+ 57. Ke3 Ke5 58. Kf3 Nd4+ 59. Kg2 Kf4
60. Ba6 Ke3 61. Bc8 f4 62. Bg4 f3+ 63. Kf1 Ne2 0-1

[Event "8th Sunway Sitges 2021"]
[Site "Sitges ESP"]
[Date "2021.12.23"]
[Round "10.1"]
[White "Puranik, Abhimanyu"]
[Black "Kollars, Dmitrij"]
[Result "1/2-1/2"]
[WhiteTitle "GM"]
[BlackTitle "GM"]
[WhiteElo "2604"]
[BlackElo "2622"]
[WhiteFideId "5061245"]
[BlackFideId "12909572"]
[EventDate "2021.12.13"]

1. d4 Nf6 2. Nf3 d5 3. Bf4 c5 4. e3 Nc6 5. Nbd2 Bg4 6. h3 Bxf3 7. Nxf3 e6 8. c3
cxd4 9. exd4 Bd6 10. Be3 O-O 11. Bd3 Rc8 12. O-O Na5 13. Qe2 Nc4 14. Bg5 h6 15.
Bh4 Be7 16. b3 Nd6 17. Rac1 Nh5 18. Bg3 Nxg3 19. fxg3 Qa5 20. c4 dxc4 21. bxc4
Nf5 22. Bxf5 Qxf5 23. Ne5 Qh7 24. Qg4 h5 25. Qf3 Rc7 26. Rce1 Bf6 27. d5 exd5
28. cxd5 Re7 29. Nd3 Rd7 30. Kh1 Qh6 31. Nc5 Rc7 32. Ne4 Be5 33. Qf5 Re7 34. Nc5
Qd6 35. Ne6 g6 36. Qf3 Rfe8 37. Ng5 Qd7 38. Re2 Bg7 39. Rxe7 Rxe7 40. Qd3 Qd6
41. Rd1 Re8 42. Rf1 Re7 43. g4 hxg4 44. hxg4 Qa6 45. Qf3 Qe2 46. Rc1 Qxf3 47.
gxf3 Be5 48. Rd1 Kf8 49. Kg2 1/2-1/2

[Event "8th Sunway Sitges 2021"]
[Site "Sitges ESP"]
[Date "2021.12.23"]
[Round "10.2"]
[White "Cheparinov, Ivan"]
[Black "Sankalp, Gupta"]
[Result "1-0"]
[WhiteTitle "GM"]
[BlackTitle "IM"]
[WhiteElo "2664"]
[BlackElo "2504"]
[WhiteFideId "2905540"]
[BlackFideId "5097010"]
[EventDate "2021.12.13"]

1. d4 d5 2. c4 dxc4 3. Nf3 Nf6 4. e3 e6 5. Bxc4 c5 6. O-O a6 7. Re1 Nc6 8. Nc3
Be7 9. dxc5 Qxd1 10. Rxd1 Bxc5 11. Bd2 O-O 12. Rac1 Rd8 13. Be2 Ba7 14. Ng5 Bd7
15. Nce4 Nxe4 16. Nxe4 Be8 17. Be1 Rxd1 18. Rxd1 Ne7 19. Nd6 Bc6 20. Nxb7 Bxb7
21. Rd7 Bd5 22. Rxe7 Bc5 23. Rc7 Bd6 24. Rc1 a5 25. a4 g5 26. f3 Be5 27. Bc3 Rc8
28. Bb5 f5 29. Bd2 Ra8 30. Bc3 Rc8 31. Bd2 Ra8 32. Bc6 Bxc6 33. Rxc6 Bxb2 34.
Rxe6 Rd8 35. Bxa5 Ra8 36. Rb6 Bc1 37. Rb5 Bxe3+ 38. Kf1 Rc8 39. Ke2 Bc5 40. Bd2
g4 41. a5 Kf7 42. a6 Kg6 43. Bf4 Bg1 44. Ra5 Ba7 45. Rd5 Bc5 46. Be3 1-0

[Event "8th Sunway Sitges 2021"]
[Site "Sitges ESP"]
[Date "2021.12.23"]
[Round "10.3"]
[White "Van Foreest, Lucas"]
[Black "Nihal, Sarin"]
[Result "1/2-1/2"]
[WhiteTitle "GM"]
[BlackTitle "GM"]
[WhiteElo "2530"]
[BlackElo "2662"]
[WhiteFideId "1039792"]
[BlackFideId "25092340"]
[EventDate "2021.12.13"]

1. d4 d5 2. c4 e6 3. Nc3 h6 4. Nf3 Nf6 5. g3 Bd6 6. Bg2 O-O 7. O-O Nc6 8. b3
dxc4 9. bxc4 e5 10. Bb2 Re8 11. c5 exd4 12. Nxd4 Bxc5 13. Nxc6 bxc6 14. Bxc6 Bd7
15. Bxd7 Nxd7 16. Qd2 Nf6 17. Qxd8 Raxd8 18. Rfd1 Rb8 19. Na4 Ne4 20. Bd4 Bd6
21. Rab1 a6 22. Rxb8 Rxb8 23. Nc3 Ng5 24. Be3 Ne6 25. Ne4 Be7 26. Kg2 Rb4 27.
Nc3 Rc4 28. Nd5 Bd6 29. Rc1 Ra4 30. Nc3 Ra5 31. Rc2 Kf8 32. Ne4 Be7 33. Nd2 Ke8
34. f3 Ra4 35. Bf2 Kd7 1/2-1/2

[Event "8th Sunway Sitges 2021"]
[Site "Sitges ESP"]
[Date "2021.12.23"]
[Round "10.4"]
[White "Abdusattorov, Nodirbek"]
[Black "Pranav, Anand"]
[Result "1-0"]
[WhiteTitle "GM"]
[BlackTitle "IM"]
[WhiteElo "2633"]
[BlackElo "2416"]
[WhiteFideId "14204118"]
[BlackFideId "46626786"]
[EventDate "2021.12.13"]

1. c4 Nf6 2. Nc3 e6 3. e4 d5 4. e5 d4 5. exf6 dxc3 6. bxc3 Qxf6 7. Nf3 b6 8. c5
Bb7 9. Qa4+ Bc6 10. Bb5 e5 11. O-O Bxb5 12. Qxb5+ c6 13. Qb3 Bxc5 14. d4 Be7 15.
Re1 Qe6 16. Nxe5 O-O 17. Qxe6 fxe6 18. Nd3 Rf6 19. Bg5 Rf7 20. Bf4 Rf6 21. h4 h6
22. g4 Nd7 23. Kg2 Raf8 24. Bg3 g5 25. h5 Ba3 26. c4 Rd8 27. Rad1 Bf8 28. f4 Bg7
29. fxg5 hxg5 30. Ne5 Nxe5 31. dxe5 Rff8 32. Rd6 Kf7 33. Bf2 Rxd6 34. exd6 Rd8
35. Rf1 Kg8 36. c5 bxc5 37. Bxc5 Bf8 38. Rd1 Kf7 39. Bxa7 Ra8 40. d7 Be7 41. Bb6
Rxa2+ 42. Kf3 Ra3+ 43. Ke4 Rg3 44. Rf1+ Kg8 45. Bc5 1-0

[Event "8th Sunway Sitges 2021"]
[Site "Sitges ESP"]
[Date "2021.12.23"]
[Round "10.5"]
[White "Sethuraman, S.P."]
[Black "Kacharava, Nikolozi"]
[Result "1/2-1/2"]
[WhiteTitle "GM"]
[BlackTitle "IM"]
[WhiteElo "2613"]
[BlackElo "2469"]
[WhiteFideId "5021596"]
[BlackFideId "13611860"]
[EventDate "2021.12.13"]

1. e4 c5 2. Nf3 e6 3. d4 cxd4 4. Nxd4 Nc6 5. Nc3 Qc7 6. Be2 Nf6 7. Ndb5 Qb8 8.
f4 a6 9. e5 axb5 10. exf6 b4 11. fxg7 Bxg7 12. Nb5 O-O 13. O-O f5 14. Be3 d5 15.
c3 bxc3 16. bxc3 Bd7 17. Bc5 Na5 18. Rf3 Bxb5 19. Bxb5 Rf7 20. Qe1 Qc7 21. Bf2
Qd6 22. Rd1 Nc6 23. a4 Na7 24. c4 Nxb5 25. axb5 d4 26. Rg3 Qxf4 27. Bxd4 Qe4 28.
Qxe4 fxe4 29. Rf1 Rd7 30. Be5 h6 31. Rg4 Ra2 32. c5 Rc2 33. Bd6 e3 34. Re1 b6
35. Rxe3 bxc5 36. Rxe6 Kf7 37. Rge4 Rc1+ 38. Kf2 Rb1 39. Re7+ Rxe7 40. Rxe7+ Kg6
41. Bxc5 Rxb5 42. Be3 Rf5+ 43. Ke2 Re5 44. Rd7 Re6 45. Kf3 h5 46. Rd5 Rf6+ 47.
Ke2 Rf5 48. Rd6+ Rf6 49. Rd5 Rf5 50. Rd3 Rf7 51. g3 Rf6 52. Bf2 Rf7 53. Rb3 Rf5
54. Rb6+ Rf6 55. Rb4 Rf5 56. Kf1 Rf6 57. Kg2 Rc6 58. Kh3 Bf6 59. Be3 Re6 60. Rb3
Bg5 61. Bf2 Bf6 62. Kg2 Rc6 63. Rb5 Ra6 64. Rd5 Bg5 65. h3 Bf6 66. Be3 Ra2+ 67.
Bf2 Ra6 68. Kf3 Ra3+ 69. Be3 Ra6 70. Rb5 Rc6 71. h4 Ra6 72. Rd5 Rc6 73. Ra5 Be7
74. Bf4 Bf6 75. Ke4 Re6+ 76. Kf3 Rc6 77. Ra7 Rc3+ 78. Ke4 Rc4+ 79. Kd3 Rc3+ 80.
Kd2 Rc6 81. Ke2 Rc2+ 82. Kf3 Rc3+ 83. Kg2 Rc2+ 84. Kh3 Rc6 85. Ra5 Be7 86. Rb5
Ra6 87. Rb3 Bf8 88. g4 Ra3 89. Rxa3 1/2-1/2

[Event "8th Sunway Sitges 2021"]
[Site "Sitges ESP"]
[Date "2021.12.23"]
[Round "10.6"]
[White "Korobov, Anton"]
[Black "Kelires, Andreas"]
[Result "1-0"]
[WhiteTitle "GM"]
[BlackTitle "GM"]
[WhiteElo "2699"]
[BlackElo "2543"]
[WhiteFideId "14105730"]
[BlackFideId "5900727"]
[EventDate "2021.12.13"]

1. d4 Nf6 2. c4 e6 3. Nf3 d5 4. Nc3 Bb4 5. e3 O-O 6. Bd3 dxc4 7. Bxc4 c5 8. O-O
b6 9. Qe2 Bb7 10. Rd1 cxd4 11. exd4 Bxc3 12. bxc3 Qc7 13. Ba3 Re8 14. Ne5 Nc6
15. Rac1 Nd5 16. Nxc6 Qxc6 17. f3 Nf4 18. Qf1 a6 19. Bb3 Qb5 20. c4 Qg5 21. Bd6
Rad8 22. Bc7 Rc8 23. Bxb6 Rc6 24. c5 e5 25. d5 Rh6 26. g3 e4 27. fxe4 Rxe4 28.
Rc2 Rf6 29. Rf2 Nh3+ 30. Qxh3 Rxf2 31. c6 Rd2 32. Rf1 Qg6 33. Ba5 1-0

[Event "8th Sunway Sitges 2021"]
[Site "Sitges ESP"]
[Date "2021.12.23"]
[Round "10.7"]
[White "Erigaisi, Arjun"]
[Black "Vasquez Schroeder, Rodrigo"]
[Result "1-0"]
[WhiteTitle "GM"]
[BlackTitle "GM"]
[WhiteElo "2629"]
[BlackElo "2484"]
[WhiteFideId "35009192"]
[BlackFideId "3400042"]
[EventDate "2021.12.13"]

1. d4 d5 2. c4 c6 3. Nf3 Nf6 4. Nc3 e6 5. e3 Nbd7 6. Be2 b6 7. O-O Bb7 8. b3 Bd6
9. Bb2 O-O 10. Bd3 Qe7 11. Re1 Rad8 12. e4 dxe4 13. Nxe4 Ba3 14. Bc3 Bb4 15.
Bxb4 Qxb4 16. Qc2 Qa3 17. Ne5 h6 18. Nxd7 Nxd7 19. c5 Nb8 20. Nd6 Rxd6 21. cxd6
Qxd6 22. Rad1 Nd7 23. Bh7+ Kh8 24. Be4 Nf6 25. Bf3 Rc8 26. Qb2 Nd5 27. Re5 Ne7
28. Re2 Rd8 29. Red2 Kg8 30. b4 Nd5 31. Rb1 Bc8 32. g3 Bd7 33. a4 Be8 34. Qb3
Ne7 35. Rbd1 Nd5 36. Rb2 Qe7 37. Qc4 Rd6 38. Rd3 Qd8 39. Ra2 Nc7 40. Be4 Kh8 41.
Rad2 Kg8 42. Rd1 Kh8 43. h4 Kg8 44. Rc1 Nd5 45. Rdd1 Ne7 46. Rd2 Nd5 47. Ra1 Nc7
48. Bc2 h5 49. Be4 g6 50. Rc1 Nd5 51. b5 Ne7 52. Rd3 Kg7 53. Qb4 Kh7 54. Rcd1
Kg8 55. Qb2 Kh7 56. R3d2 Kg8 57. Rc1 Kh7 58. Kh2 Kg8 59. bxc6 Bxc6 60. Bxc6 Rxc6
61. Rxc6 Nxc6 62. Qc3 Qd5 63. Qd3 Qd6 64. Qe4 a5 65. Rd1 Ne7 66. Rc1 Qd8 67. Rc4
Nd5 68. Qe5 Kh7 69. Rc6 Qd7 70. Qd6 Qe8 71. Rc4 Kg7 72. Kg1 Kh7 73. Qc6 Qe7 74.
Qa8 Kg7 75. Qb8 Qd7 76. Kh2 Kf6 77. Qh8+ Ke7 78. Rc8 Nc7 79. Qf8+ Kf6 80. Rb8
Nd5 81. Qh8+ Ke7 82. Ra8 Nc7 83. Ra7 Kd6 84. Qb8 Qc6 85. Qf8+ 1-0

[Event "8th Sunway Sitges 2021"]
[Site "Sitges ESP"]
[Date "2021.12.23"]
[Round "10.8"]
[White "Kulaots, Kaido"]
[Black "Vocaturo, Daniele"]
[Result "1-0"]
[WhiteTitle "GM"]
[BlackTitle "GM"]
[WhiteElo "2519"]
[BlackElo "2621"]
[WhiteFideId "4500261"]
[BlackFideId "813192"]
[EventDate "2021.12.13"]

1. e4 e5 2. Nf3 Nc6 3. Bb5 a6 4. Ba4 Nf6 5. O-O Nxe4 6. d4 b5 7. Bb3 d5 8. dxe5
Be6 9. Be3 Be7 10. c3 O-O 11. Nbd2 Nxd2 12. Bxd2 Na5 13. Bc2 Nc4 14. Nd4 Qd7 15.
Bc1 c5 16. Nxe6 fxe6 17. Qh5 g6 18. Bxg6 Bd8 19. Bc2 Bc7 20. Bh6 Rf7 21. Rae1
Nxb2 22. f4 d4 23. cxd4 cxd4 24. f5 d3 25. Qg4+ Rg7 26. fxe6 Qe7 27. Bxg7 Bb6+
28. Kh1 Qxg7 29. Qf3 Rd8 30. Bb3 Kh8 31. Qf6 Re8 32. e7 Bc5 33. Qc6 Qxe7 34. Rf7
d2 35. Ref1 Qxe5 36. Rxh7+ Kxh7 37. Rf7+ 1-0

[Event "8th Sunway Sitges 2021"]
[Site "Sitges ESP"]
[Date "2021.12.23"]
[Round "10.9"]
[White "Safarli, Eltaj"]
[Black "Quintiliano Pinto, Renato R."]
[Result "1-0"]
[WhiteTitle "GM"]
[BlackTitle "IM"]
[WhiteElo "2579"]
[BlackElo "2466"]
[WhiteFideId "13402129"]
[BlackFideId "2117568"]
[EventDate "2021.12.13"]

1. e4 c5 2. Nf3 d6 3. Nc3 a6 4. g3 Nc6 5. Bg2 g6 6. d4 cxd4 7. Nxd4 Bg7 8. Be3
Nxd4 9. Bxd4 e5 10. Be3 Nf6 11. Qd2 Ng4 12. Bg5 f6 13. Be3 Nxe3 14. Qxe3 Be6 15.
O-O-O Rc8 16. h4 Rc6 17. h5 O-O 18. f4 Qa5 19. hxg6 hxg6 20. Nd5 Bxd5 21. exd5
Rc5 22. Kb1 Rfc8 23. f5 Rxc2 24. Be4 R2c4 25. fxg6 Qc5 26. Qf3 Bh6 27. a3 Kg7
28. Rdf1 1-0

[Event "8th Sunway Sitges 2021"]
[Site "Sitges ESP"]
[Date "2021.12.23"]
[Round "10.10"]
[White "Dann, Matthias"]
[Black "Fier, Alexandr"]
[Result "1-0"]
[WhiteTitle "IM"]
[BlackTitle "GM"]
[WhiteElo "2482"]
[BlackElo "2572"]
[WhiteFideId "24638056"]
[BlackFideId "2107139"]
[EventDate "2021.12.13"]

1. e4 c5 2. Nf3 d6 3. d4 cxd4 4. Nxd4 Nf6 5. Nc3 Nc6 6. Bg5 e6 7. Bb5 Qb6 8.
Bxf6 gxf6 9. O-O Be7 10. a4 Bd7 11. Nb3 a6 12. a5 Qc7 13. Bxc6 bxc6 14. Na4 c5
15. Nb6 Rb8 16. Nd2 Bc6 17. Ra3 Qb7 18. Qg4 h5 19. Qg7 Rf8 20. Re1 Qc7 21. Ndc4
Bb5 22. Ne3 Rxb6 23. axb6 Qxb6 24. Nd5 Qd8 25. Nxe7 Qxe7 26. Rh3 h4 27. Rxh4 f5
28. Rh8 fxe4 29. Rxf8+ Qxf8 30. Qxf8+ Kxf8 31. Rxe4 d5 32. Re1 a5 33. f4 Ke7 34.
h4 Kf6 35. g4 a4 36. Kf2 Bc6 37. Re5 Bb5 38. h5 Bc4 39. g5+ Kg7 40. f5 exf5 41.
Rxf5 Ba2 42. c3 1-0

[Event "8th Sunway Sitges 2021"]
[Site "Sitges ESP"]
[Date "2021.12.23"]
[Round "10.12"]
[White "Niemann, Hans Moke"]
[Black "Pranesh, M"]
[Result "1-0"]
[WhiteTitle "GM"]
[BlackTitle "IM"]
[WhiteElo "2645"]
[BlackElo "2437"]
[WhiteFideId "2093596"]
[BlackFideId "35028600"]
[EventDate "2021.12.13"]

1. c4 Nf6 2. Nf3 c6 3. d4 d5 4. e3 e6 5. Nbd2 Nbd7 6. Bd3 dxc4 7. Nxc4 b5 8.
Nce5 Bb7 9. O-O Nxe5 10. Nxe5 a6 11. a4 Be7 12. Bd2 Qd5 13. Qf3 Qxf3 14. gxf3
Nd5 15. Rfc1 Rc8 16. axb5 cxb5 17. Rxc8+ Bxc8 18. Rc1 O-O 19. e4 Bb4 20. Bg5 f6
21. exd5 fxe5 22. dxe6 Bxe6 23. dxe5 Rxf3 24. Be4 Rb3 25. Rc6 Kf7 26. Bxh7 Rxb2
27. f4 Rg2+ 28. Kf1 Rxh2 29. Rc7+ Kf8 30. Bg6 Ba5 31. Rc6 Bc4+ 32. Kg1 Rh1+ 33.
Kf2 Be1+ 34. Ke3 Rh3+ 35. Ke4 Bd3+ 36. Kd5 Bxg6 37. Rxg6 Bh4 38. Rxa6 Bxg5 39.
fxg5 Rg3 40. Ke6 g6 41. Kd7 Rd3+ 42. Rd6 Ra3 43. Rf6+ Kg7 44. Rb6 b4 45. Rb7 Kf8
46. Rb8+ Kg7 47. e6 Rd3+ 48. Kc6 Re3 49. Rb7+ Kf8 50. Kd6 Rd3+ 51. Ke5 b3 52.
Kf6 Rf3+ 53. Kxg6 Re3 54. Kf5 Rf3+ 55. Ke4 Rc3 56. g6 Rc1 57. e7+ Ke8 58. g7 Rg1
59. g8=Q+ Rxg8 60. Rb8+ 1-0

[Event "8th Sunway Sitges 2021"]
[Site "Sitges ESP"]
[Date "2021.12.23"]
[Round "10.13"]
[White "Taher, Yoseph Theolifus"]
[Black "Tabatabaei, M. Amin"]
[Result "1/2-1/2"]
[WhiteTitle "IM"]
[BlackTitle "GM"]
[WhiteElo "2455"]
[BlackElo "2643"]
[WhiteFideId "7105347"]
[BlackFideId "12521213"]
[EventDate "2021.12.13"]

1. c4 e5 2. g3 c6 3. Nf3 e4 4. Nd4 d5 5. cxd5 Qxd5 6. e3 Nf6 7. Nc3 Qe5 8. Bg2
Na6 9. O-O Bc5 10. d3 Bxd4 11. exd4 Qxd4 12. dxe4 Qxd1 13. Rxd1 Bg4 14. f3 Be6
15. Be3 O-O 16. Bf1 Nc7 17. Rd6 Rfe8 18. Rad1 h6 19. Kf2 a6 20. Bb6 Nb5 21. Nxb5
axb5 22. a3 Ra6 23. Be3 Ra4 24. Rd8 Ra8 25. R8d6 Ra4 26. Rd8 Ra8 27. R8d6 Ra4 1/2-1/2

[Event "8th Sunway Sitges 2021"]
[Site "Sitges ESP"]
[Date "2021.12.23"]
[Round "10.14"]
[White "Stoyanov, Tsvetan"]
[Black "Karthikeyan, Murali"]
[Result "1/2-1/2"]
[WhiteTitle "FM"]
[BlackTitle "GM"]
[WhiteElo "2424"]
[BlackElo "2630"]
[WhiteFideId "2917173"]
[BlackFideId "5074452"]
[EventDate "2021.12.13"]

1. e4 c5 2. Nf3 Nc6 3. d4 cxd4 4. Nxd4 Nf6 5. Nc3 e5 6. Ndb5 d6 7. Bg5 a6 8. Na3
b5 9. Nd5 Be7 10. Bxf6 Bxf6 11. c3 O-O 12. Nc2 Bg5 13. a4 bxa4 14. Rxa4 Ne7 15.
Bc4 Rb8 16. Ncb4 Nxd5 17. Bxd5 Qb6 18. O-O a5 19. Nc6 Bd7 20. Nxb8 Bxa4 21. Qxa4
Qxb8 22. Qxa5 Qxb2 23. Qc7 Bd2 24. Qxd6 Bxc3 25. Qe7 Bd4 26. g3 g6 27. Kg2 Kg7
28. h4 h5 29. Qc7 Qe2 30. Qe7 Qb2 31. Qc7 1/2-1/2

[Event "8th Sunway Sitges 2021"]
[Site "Sitges ESP"]
[Date "2021.12.23"]
[Round "10.15"]
[White "Cornette, Matthieu"]
[Black "Aditya, Mittal"]
[Result "1/2-1/2"]
[WhiteTitle "GM"]
[BlackTitle "IM"]
[WhiteElo "2583"]
[BlackElo "2459"]
[WhiteFideId "620084"]
[BlackFideId "35042025"]
[EventDate "2021.12.13"]

1. e4 c5 2. Nf3 d6 3. Bb5+ Nd7 4. d4 cxd4 5. Nxd4 Nf6 6. O-O a6 7. Ba4 b5 8. Bb3
Bb7 9. a4 b4 10. c3 e5 11. Nf5 Nc5 12. cxb4 Nxb3 13. Qxb3 Bxe4 14. Ng3 Bd5 15.
Qd3 Qc8 16. Re1 Qb7 17. Nf5 Bxg2 18. Nxd6+ Bxd6 19. Qxd6 Ng4 20. Bg5 Bh3 21. f3
f6 22. Nc3 Qxf3 23. Re2 fxg5 24. Ne4 Qxe2 25. Qc6+ Ke7 26. Qd6+ Ke8 27. Qc6+ Ke7
28. Qd6+ Ke8 29. Qc6+ Ke7 30. Qc7+ Kf8 31. Qd6+ Ke8 32. Qc6+ 1/2-1/2